Statistics for 2015-16 Leicester City Winning Squad

Click here to take the quiz!

General Stats

  • This quiz has been taken 7,519 times
  • The average score is 10 of 12

Answer Stats

PositionNationalityPerson% Correct
ForwardJamie Vardy
99%
Right WingerRiyad Mahrez
97%
GoalkeeperKasper Schmeichel
95%
Central MidfielderN'Golo Kanté
93%
CoachClaudio Ranieri
87%
Central MidfielderDanny Drinkwater
85%
Central DefenderWes Morgan
84%
Left BackChristian Fuchs
78%
ForwardShinji Okazaki
78%
Central DefenderRobert Huth
77%
Left WingerMarc Albrighton
70%
Right BackDanny Simpson
61%

Score Distribution

Percentile by Number Answered

Percent of People with Each Score

Your Score History

You have not taken this quiz